00385nam a2200145Ia 4500100001300000650001500013942000700028654002600035245003900061260001700100300000800117546001200125999001700137952008500154 aD.G.E.T  aCarpentery cBK aguide Turner 1st year aInstructors Guide Turner 1st Year bCIMIaMadras a104 aENGLISH c29758d29758 001040708ITIaCRCEbCRCEd2023-03-17l0o pITI88r2023-03-17w2023-03-17yBK